000 00905nam0a22002411 4500
001 v19\rc\1311220
005 20250618032957.0
035 _a(NLR Aleph) 004467926
090 _a4548561
_c4548561
100 _a20060512d1899 |||y0rusy50 ca
101 0 _arus
102 _aRU
105 _ay z |||||
200 1 _aПоучительное чтение о преподобном Ефреме Сирине [28 янв.]
_f[Соч.] члена религ.-просветительного о-ва С. Кохомского
210 _a[Киев]
_cКиевск. религ.-просветительное о-во
_dценз. 1899
215 _a4 с.
309 _aБез тит. л. и обл.
700 1 _aКохомский
_bС.В.
_f1851-1900
_gСергей Васильевич
801 0 _aRU
_bNLR
_gpsbo
801 1 _aRU
_bProSoft-M
_2rusmarc
852 _aNLR
_j20.60.2.139
942 _cBOOK
980 _aNB